000 00390 a2200169 4500
001 187020
020 _a85-08-08126-X
040 _cMagnum
100 _aSenise, Maria Helena V
240 1 0 _aHistória moderna e contemporânea
_lpor
245 1 0 _aHistória moderna e contemporânea
300 _a424
362 0 _a2003
440 1 _aÁtica
697 _aHISTÓRIA GERAL
942 _cBK
999 _c187020
_d187020